| Record ID | ia:biophysicalchemi0000mars |
| Source | Internet Archive |
| Download MARC XML | https://archive.org/download/biophysicalchemi0000mars/biophysicalchemi0000mars_marc.xml |
| Download MARC binary | https://www.archive.org/download/biophysicalchemi0000mars/biophysicalchemi0000mars_meta.mrc |
LEADER: 00780cam a2200253 i 4500
001 77019136
003 DLC
005 19880422000000.0
008 771221s1978 nyua b 00110 eng
010 $a 77019136 //r88
020 $a0471027189
050 0 $aQH345$b.M325
060 $aQT34 M367b
082 $a541/.3/024574
100 10 $aMarshall, Alan G.,$d1944-
245 10 $aBiophysical chemistry :$bprinciples, techniques, and applications /$cAlan G. Marshall.
260 0 $aNew York :$bWiley,$cc1978.
300 $axv, 812 p. :$bill. ;$c24 cm.
500 $aErratum slip tipped in.
504 $aIncludes bibliographical references and index.
650 0 $aBiochemistry.
650 0 $aChemistry, Physical and theoretical.
650 2 $aBiophysics.
650 2 $aChemistry, Physical.